Opus Dei: una investigación

Uloženo v:
Podrobná bibliografie
Hlavní autor: Vittorio Messori (Autor)
Médium: Kniha
Jazyk:španělština
Vydáno: Buenos Aires Editorial Sudamericana 2002
Vydání:1a. ed
Témata:
Tagy: Přidat tag
Žádné tagy, Buďte první, kdo vytvoří štítek k tomuto záznamu!

MARC

LEADER 00000cam a2200000 a 4500
001 UCC1150
003 CL-VaPUC
008 170929e20020000ag |||||||||||||||||spa|d
020 |a 9500722763 
082 0 4 |a 267.182  |b MES  |2 21 
100 0 |a Vittorio Messori  |e author  |9 595193 
245 1 0 |a Opus Dei: una investigación 
250 |a 1a. ed 
300 |a 293 p 
942 |c BK 
945 |d 20170929 13:43:00  |a arojas 
260 |a Buenos Aires  |b Editorial Sudamericana  |c 2002 
600 0 |a Escrivá de Balaguer, José María  |9 464213 
650 0 |a Opus dei   |9 318612 
650 0 |a Catolicismo  |9 258690 
583 |a last modification  |c 20170929 13:43:00  |k Rodrigo Vera 
999 |c 369724  |d 369722 
952 |0 0  |1 0  |3 erb  |4 0  |6 267_182000000000000_MES_2002  |7 0  |8 A  |9 485708  |a BIBGIM  |b BIBGIM  |i 5426901  |o 267.182 MES 2002  |p 5426901  |r 2025-01-15  |w 2019-11-24  |y BK  |z Catalogado en:20170929  |k GIM